000 00629nam a2200229Ia 4500
003 OSt
005 20220918192520.0
006 a|||||r|||| 00| 0
007 ta
008 220917b |||||||| |||| 00| 0 eng d
024 _a68,813
037 _cTextual
040 _aARTS
_cARTS
_beng
041 _2eng
_aeng
082 _aR3, L5.2
100 _aSinha Jadunath
245 0 _aUnity of living faiths humanism and world peace
_b moral discipline of religions
260 _aCalcutta
_bSinha Pub
_c1975
300 _avi,282p.
_ccm.
942 _hR3, L5.2
_cTEXL
_2CC
999 _c194984
_d194984